| 000 | 00602nam a22001937a 4500 | ||
|---|---|---|---|
| 003 | CEME | ||
| 005 | 20210628203644.0 | ||
| 008 | 210318b xxu||||| |||| 00| 0 eng d | ||
| 020 | _a0-471-00852-4 | ||
| 040 | _c. | ||
| 082 | _a004.64 HEL'C | ||
| 100 |
_aHeld, Gilbert _936816 |
||
| 245 | _aThe complete modem refernce , the technicians guide to installaton testing and trouble free communications | ||
| 250 | _a2ND | ||
| 260 |
_aNEWYORK _bJOHN WILEY _c1994 |
||
| 300 | _a412P | ||
| 650 |
_aCOMPUTER INTERFACES-STANDARDS MODEMS TELECOMMUNICATION-EQUIPMENTS AND SUPPLIES _966724 |
||
| 942 |
_cBK _2ddc |
||
| 999 |
_c574641 _d574641 |
||